| 000 | 00407nam a2200145 a 4500 | ||
|---|---|---|---|
| 005 | 20140412111313.0 | ||
| 008 | 010416s19uu xx 00 eng d | ||
| 050 |
_aM 398.8 _bW952 1985 |
||
| 100 | _aWright, Paul | ||
| 245 |
_aNew Nursery rhymes 1 / _cPaul Wright. |
||
| 260 |
_aHong Kong : _bGreen Leaves Educational Publishing House, _c1985. |
||
| 300 | _a24p. ; ill. | ||
| 650 | _aTitle | ||
| 999 |
_c104117 _d104117 |
||